|
|
|
|
| LEADER |
01374nam a22003852a 4500 |
| 001 |
000284399 |
| 003 |
CZ BrMZK |
| 005 |
20220829091344.0 |
| 007 |
ta |
| 008 |
030304s1992 xr a f |||| 0 cze d |
| 015 |
|
|
|a cnb000073878
|
| 020 |
|
|
|q (Brož.)
|
| 035 |
|
|
|a (OCoLC)39568840
|
| 040 |
|
|
|a ABA006
|b cze
|c ABA006
|d BOA001
|
| 072 |
|
7 |
|a 336.1/.5
|x Veřejné finance
|2 Konspekt
|9 4
|
| 080 |
|
|
|a 336.143
|2 MRF
|
| 080 |
|
|
|a 336.145
|2 MRF
|
| 080 |
|
|
|a 338.2
|2 MRF
|
| 100 |
1 |
|
|a Goulli, Rochdi,
|d 1935-2008
|7 xx0004722
|4 aut
|
| 245 |
1 |
0 |
|a Rozpočtová politika jako součást hospodářské politiky /
|c Rochdi Goulli, Petr Soukup, Eva Zamrazilová
|
| 260 |
|
|
|a Praha :
|b Ekonomický ústav ČSAV,
|c 1992
|
| 300 |
|
|
|a 55 s. :
|b il.
|
| 490 |
1 |
|
|a Studie ;
|v č. 23
|
| 504 |
|
|
|a Obsahuje bibliografii
|
| 650 |
0 |
7 |
|a rozpočtová politika
|7 ph381208
|2 czenas
|
| 650 |
0 |
7 |
|a rozpočtová skladba
|7 ph164218
|2 czenas
|
| 650 |
0 |
7 |
|a hospodářská politika
|7 ph114701
|2 czenas
|
| 655 |
|
7 |
|a studie
|7 fd133597
|2 czenas
|
| 700 |
1 |
|
|a Soukup, Petr,
|d 1943-
|7 mzk2008473159
|4 aut
|
| 700 |
1 |
|
|a Zamrazilová, Eva,
|d 1961-
|7 jx20050623029
|4 aut
|
| 810 |
2 |
|
|a Ekonomický ústav (Československá akademie věd).
|t Studie
|0 s
|
| 910 |
|
|
|a BOA001
|b 2-0989.572
|
| 990 |
|
|
|a BK
|
| 991 |
|
|
|b 202109
|
| 996 |
6 |
|
|b 2619885458
|c 2-0989.572
|l MZK
|r Sklad / do 1 hodiny
|n 13
|w 000284399
|u 000010
|a 1
|e BOA001
|j MZK50
|s P
|